Statistiques concernant Méchants dans le MCU

Cliquez ici pour prendre le quiz!

Statistiques générales

  • Ce quiz a été pris 61 fois
  • Le résultat moyen est 5 sur 20

Statistiques - réponses

Personnages% Correct
Thanos
100%
Loki
69%
Ultron
62%
Hela
25%
Mysterio
25%
Le Mandarin
22%
Le Vautour
22%
Yellowjacket
22%
Red Skull
20%
Dormammu
18%
L'Abomination
18%
Ronan l'Accusateur
18%
Baron Zemo
11%
Ghost
9%
Alexander Pierce
4%
Le Collectionneur
4%
Crossbones
2%
Erik Killmonger
2%
Justin Hamme
2%
Le Boucher
0%

Distribution des résultats

Percentile par nombre de réponses

% des personnes avec chaque résultat

Votre développement - résultats

Vous n’avez pas pris ce quiz